Lengua española 4to. : (Registro nro. 9803)

Detalles MARC
000 -LIDER
fixed length control field 00810nam a22002417a 4500
001 - NÚMERO DE CONTROL
Identificador de número de control 00201
003 - IDENTIFICACDOR DE NÚMERO DE CONTROL
control field DO-SdBNP
005 - DATE AND TIME OF LATEST TRANSACTION
control field 20160415151800.0
007 - CAMPOS FIJOS DE DESCRIPCIÓN FÍSICA
fixed length control field 00201
008 - ELEMENTOS DE LONGITUD FIJA
fixed length control field 160415b dr 19--||||| |||| 00| 0 spa d
040 ## - FUENTE DE CATALOGACIÓN
Agencia que crea de manera original el registro BPMSU
Idioma de catalogación spa
Agencia que realiza la transcripción BPMSU
092 ## - LOCALLY ASSIGNED DEWEY DECIMAL CALL NUMBER
Número de clasificación xxxxxxxxx
Número de ítem (Cutter) xxxxxxxxx
100 1# - ASIENTO PRINCIPAL -- NOMBRE PERSONAL
Nombre personal Hernández Dominicana, Cristiana
245 1# - MENCIÓN DE TITULO
Título Lengua española 4to. :
Subtítulo el lenguaje al servicio de la comunicación /
Enlace Cristiana Hernández Dominicana
260 ## - PUBLICACIÓN, DISTRIBUCIÓN, ETC. (PIE DE IMPRENTA)
Lugar de publicación, distribución, etc Santo Domingo :
Nombre del editor, distribuidor, etc. Susaeta,
Fecha de publicación, distribución, etc 19--?
300 ## - DESCRIPCIÓN FÍSICA
Extensión 160 p. :
Otros detalles físicos il.,
Dimensiones 25 cm.
490 1# - MENCIÓN DE SERIES
Mención de serie Escuela dominicana
500 ## - NOTA GENERAL
Nota general Cuarto grado de enseñanza primaria
500 ## - NOTA GENERAL
Nota general De acuerdo con los nuevos programas de reforma de educación primaria de República Dominicana
830 #0 - ASIENTO SECUNDARIO DE SERIE--TÍTULO UNIFORME
Título uniforme Escuela dominicana
942 ## - ADDED ENTRY ELEMENTS (KOHA)
Source of classification or shelving scheme Dewey Decimal Classification
Koha item type Libros
956 ## - LOCAL ELECTRONIC LOCATION AND ACCESS (OCLC)
Nombre de host BRENDA TAVÁREZ
Existencias
Withdrawn status Lost status Source of classification or shelving scheme Damaged status Not for loan Collection code Home library Current library Date acquired Source of acquisition Total Checkouts Barcode Date last seen Price effective from Koha item type
    Dewey Decimal Classification       Biblioteca Pública Metropolitana Salomé Ureña Biblioteca Pública Metropolitana Salomé Ureña 04/15/2016 Donación   BPMSU16040497 04/15/2016 04/15/2016 Libros